| 000 | 01044nam a22002297a 4500 | ||
|---|---|---|---|
| 999 |
_c4750 _d4750 |
||
| 003 | AR-CdUCM | ||
| 008 | 190311b ||||| |||| 00| 0 spa d | ||
| 040 |
_aMUNICIPALIDAD PROVINCIAL DEL CUSCO _cBIBLIOTECA MUNICIPAL DEL CUSCO |
||
| 082 |
_a306.44 / _bV19 |
||
| 100 |
_aValdivia Rivera, Gustavo _912923 |
||
| 245 | _aDialéctica del comportamiento en el área rural andina / | ||
| 260 |
_aCusco : _bUniversidad Nacional de San Antonio Abad del Cusco, _c1994. |
||
| 300 |
_a242 páginas ; _bcuadros, ilustraciones, _c21 cm. |
||
| 505 | _aContenido: Personalidad y sociedad -- El medio social andino -- El medio social Andino: Integración cultural en el área rural Andina -- Estereotipo psico-social y realidad intercultural Andina -- Actitud hacia la educación bilingue ... | ||
| 650 |
_aSociolinguística _910901 |
||
| 650 |
_aPsicolingüística _914702 |
||
| 650 |
_aSociología rural _91129 |
||
| 650 |
_aPerú, Andes _914703 |
||
| 710 |
_aUniversidad Nacional San Antonio de Abad (Cusco) _91879 |
||
| 942 |
_2ddc _cLIBROS |
||
| 945 | _aachl | ||